| 000 | 00489nam a2200169Ia 4500 | ||
|---|---|---|---|
| 999 |
_c20408 _d20408 |
||
| 003 | OSt | ||
| 005 | 20200707141948.0 | ||
| 008 | 190216s9999||||xx |||||||||||||| ||und|| | ||
| 020 | _a00691712 | ||
| 040 | _coclc | ||
| 082 |
_a951.042 _bLOT/C |
||
| 100 |
_aLotveit, Trygve _93623 |
||
| 245 | 0 |
_aChinese Communism 1931-34 / _cTrygve Lotveit |
|
| 260 |
_bAmbika Publications, _c1979. _aNew Delhi: |
||
| 300 | _a290p | ||
| 942 |
_cBK _2ddc _h951.042 _iLOT/C _k951.042 _mLOT/C |
||